000 00644nam a2200193Ia 4500
003 GCL
008 140319s9999 xx 000 0 ara d
040 _aGCL /
_cGCL
082 0 4 _aق
_b932
_bم ش
100 1 _aمحمد على كمال الدين
245 1 0 _aالشرق الاوسط فى موكب الحضارة : الحضارة المصرية القديمة /
_cمحمد على كمال الدين
260 _a[S.N] :
_bمكتبة النهضة المصرية
300 _a373 ص
490 _a
650 0 4 _aالشرق الاوسط
650 0 4 _aمصر القديمة
650 0 4 _aالحضارة المصرية
942 _2ddc
_cBK
999 _c36541
_d36541